[Event "Vila Velha CEAX 1st"]
[Site "Vila Velha"]
[Date "2011.02.26"]
[Round "3.3"]
[White "Lacerda, Cesar Romeu"]
[Black "Stollenwerk, Bruno"]
[Result "1-0"]
[WhiteElo "2037"]
[BlackElo "1800"]
[PlyCount "45"]
[EventDate "2011.02.26"]
[EventType "swiss"]
[EventRounds "5"]
[EventCountry "BRA"]
[SourceTitle "EXT 2022"]
[Source "ChessBase"]
[SourceDate "2021.10.06"]
[SourceVersion "1"]
[SourceVersionDate "2021.10.06"]
[SourceQuality "1"]

1. e4 e6 2. d4 d5 3. Nc3 Nf6 4. e5 Nfd7 5. f4 c5 6. Nf3 Nc6 7. Be3 cxd4 8. Nxd4 Nxd4 9. Bxd4 Bb4 10. Bd3 Qh4+ 11. g3 Qd8 12. 0-0 Bxc3 13. Bxc3 Qb6+ 14. Rf2 d4 15. Be1 Qxb2 16. c4 Qb6 17. Rb1 Qc6 18. Bf1 Nb6 19. Qxd4 Bd7 20. Rfb2 Rd8 21. c5 Bc8 22. Qf2 Nd5 23. Bb5 1-0

[Event "Vila Velha CEAX 1st"]
[Site "Vila Velha"]
[Date "2011.02.26"]
[Round "1.6"]
[White "Osorio, Jose Eustaquio Hate"]
[Black "Stollenwerk, Bruno"]
[Result "1/2-1/2"]
[WhiteElo "1958"]
[BlackElo "1800"]
[PlyCount "100"]
[EventDate "2011.02.26"]
[EventType "swiss"]
[EventRounds "5"]
[EventCountry "BRA"]
[SourceTitle "EXT 2022"]
[Source "ChessBase"]
[SourceDate "2021.10.06"]
[SourceVersion "1"]
[SourceVersionDate "2021.10.06"]
[SourceQuality "1"]

1. e4 e6 2. d3 d5 3. Nd2 Nf6 4. Ngf3 c5 5. g3 d4 6. c3 Nc6 7. h3 e5 8. Nc4 Qc7 9. a4 Be6 10. Na3 a6 11. c4 Be7 12. Bd2 Nd7 13. g4 Rb8 14. Ng5 Bxg5 15. Bxg5 Nb4 16. Be2 Nb6 17. Nb1 Nd7 18. Na3 Nb6 19. b3 f6 20. Bd2 Bf7 21. Rf1 Nd7 22. f4 exf4 23. Bxf4 Ne5 24. Rf2 Qd7 25. Qd2 Qe6 26. 0-0-0 h6 27. Rdf1 Ke7 28. Bxe5 Qxe5 29. Rf5 Qc7 30. e5 Bg6 31. exf6+ Kf7 32. fxg7+ Kxg7 33. Rf6 Rbe8 34. g5 Re3 35. Nc2 Nxc2 36. Kxc2 hxg5 37. Bg4 Bxd3+ 38. Qxd3 Rxd3 39. Kxd3 Re8 40. Be6 Qg3+ 41. R1f3 Qxf3+ 42. Rxf3 Rxe6 43. Rf5 Re3+ 44. Kc2 Kg6 45. Rxc5 Rxh3 46. Rd5 Rc3+ 47. Kb2 Rd3 48. Kc2 Rc3+ 49. Kb2 Rd3 50. Kc2 Rc3+ 1/2-1/2